Normal view
MARC view
Entry Personal Name
001 - CONTROL NUMBER
- control field: 238043
003 - CONTROL NUMBER IDENTIFIER
- control field:
005 - DATE AND TIME OF LATEST TRANSACTION
- control field: 20210601203734.0
008 - FIXED-LENGTH DATA ELEMENTS
- fixed length control field: 210601|| aca||aabn | a|a d
040 ## - CATALOGING SOURCE
- Original cataloging agency:
- Transcribing agency:
100 ## - HEADING--PERSONAL NAME
- Personal name: Bushnell, John
670 ## - SOURCE DATA FOUND
- Source citation: Work cat.: (): Burlatsky, Fyoder 238041, The modern state and politics /, 1978
